Le civiltà : letture storiche per la scuola media inferiore

Saved in:
Bibliographic Details
Main Author: Pepe, Giovanni (Author)
Format: Book
Language:Italian
Published: Lanciano : Carabba Giuseppe, 1925
Textbook Catalogue:EDISCO:  Library Catalog Search Result
Textbook Classification:
Subjects:
Tags: Add Tag
No Tags, Be the first to tag this record!
Added to:2016-04-30
Changed in:2017-10-18

MARC

LEADER 00000aam a22000001 4500
001 00326
003 OSt
005 20171018092558.0
008 160501s1925 it 000 0 ita
040 |c Antonio Parlati - L'Acquila 
041 1 |a ita 
100 1 |a Pepe, Giovanni  |9 336  |e Author 
245 0 0 |a Le civiltà :   |b letture storiche per la scuola media inferiore /  |c Giovanni Pepe 
260 |a Lanciano :  |b Carabba Giuseppe,  |c 1925 
300 |a 400 p., 1/1 ;   |c in 16° 
510 3 |a 12 
546 |a ita 
650 4 |a Storia  |9 54 
655 |a Libro di lettura  |9 56 
690 7 |a Secondaria inferiore  |x Media   |9 3779 
901 |a 1 
942 |2 ddc  |c BK 
999 |c 320  |d 320 
999 |c edisco:320  |d 320